ბათუმის შოთა რუსთაველის სახელმწიფო უნივერსიტეტის ბიბლიოთეკა

A Handbook of Greek Art : (ბიბ.ჩანაწერი № 60988)

000 -LEADER
fixed length control field 01071nam a22001817a 4500
005 - DATE AND TIME OF LATEST TRANSACTION
control field 20231204154459.0
008 - FIXED-LENGTH DATA ELEMENTS--GENERAL INFORMATION
fixed length control field 231204s1960 enk||||| |||| 00| 0 eng d
041 ## - LANGUAGE CODE
Language code of text/sound track or separate title eng
080 ## - UNIVERSAL DECIMAL CLASSIFICATION NUMBER
Universal Decimal Classification number 94(38)+902 R-53
100 ## - MAIN ENTRY--PERSONAL NAME
Personal name Richter, Gisela M. A.
9 (RLIN) 20566
245 ## - TITLE STATEMENT
Title A Handbook of Greek Art :
Remainder of title Architecture. Sculpture. Gems. coins. Jewellery. Metalwork. Pottery and Vase Painting. Glass. Furniture. Textiles. Paintings and Mosaics /
Statement of responsibility, etc. Gisela M. A. Richter.
264 ## - PRODUCTION, PUBLICATION, DISTRIBUTION, MANUFACTURE, AND COPYRIGHT NOTICE
Place of production, publication, distribution, manufacture London :
Name of producer, publisher, distributor, manufacturer Phaidon Press,
Date of production, publication, distribution, manufacture, or copyright notice 1960.
300 ## - PHYSICAL DESCRIPTION
Extent 432 p.:
Other physical details ill.;
Dimensions 26 cm.
653 ## - INDEX TERM--UNCONTROLLED
keyword ბერძნული ხელოვნება
653 ## - INDEX TERM--UNCONTROLLED
keyword არქიტექტურა. ქანდაკება. ძვირფასი ქვები.
653 ## - INDEX TERM--UNCONTROLLED
keyword მონეტები. სამკაულები. ლითონის დამუშავება. ჭურჭლისა და ვაზის მხატვრობა. შუშა. ავეჯი. ტექსტილი. ნახატები და მოზაიკა
942 ## - ADDED ENTRY ELEMENTS (KOHA)
Source of classification or shelving scheme
Koha item type წიგნი
ეგზემპლარები
Withdrawn status Lost status Source of classification or shelving scheme Damaged status Not for loan Permanent Location Current Location Shelving location Date acquired Cost, normal purchase price Full call number Barcode Date last seen Copy number Uniform Resource Identifier Price effective from Koha item type Public note
          ბათუმის შოთა რუსთაველის სახელმწიფო უნივერსიტეტის მთავარი ბიბლიოთეკა ბათუმის შოთა რუსთაველის სახელმწიფო უნივერსიტეტის მთავარი ბიბლიოთეკა წიგნსაცავი 2023-12-04 10.00 94(38)+902 R-53 65521 2023-12-04 65521 ბსუ-ს საპატიო დოქტორის გურამ ლორთქიფანიძის საჩუქარი 2023-12-04 წიგნი 10 ლ.